Представление документа в формате RUSMARC

ПолеНазваниеЗначение
  Тип записи a
  Библиографический уровень c
001 Контрольный номер 96f8b75a0bd3407ca38297fee558dd9c
005 Дата корректировки 20240411114320.3
010 Индекс ISBN __
a ISBN 978-5-9691-1644-3 (в пер.)
d Цена 607-35, 3000 экз.
100 Данные общей обработки __
a Данные общей обработки 19181005d2018||||||| 0rusy0189 ca
101 Язык документа 0_
a Язык текста rus
102 Страна публикации __
a Страна публикации ru
102 Страна публикации __
a Страна публикации ru
105 Кодированные данные (монография) __
a Кодированные данные (монография) |||a||||000zy
200 Заглавие и сведения об ответственности 1_
a Заглавие Путь из варяг в греки
e Сведения, относящиеся к заглавию [рассказы]
f Первые сведения об ответственности Фазиль Искандер ; [художник Валерий Калныньш]
b Общее обозначение материала Текст
210 Выходные данные 1_
a Место издания Москва
c Издательство Эксмо
d Дата издания 2018
215 Физическое описание __
a Объем 713, [3] с.
d Формат 17 см
225 Серия 2_
a Серия Собрание
327 Примечание о содержании 0_
a Примечание о содержании Начало
327 Примечание о содержании 0_
a Примечание о содержании Петух
327 Примечание о содержании 0_
a Примечание о содержании Рассказ о море
327 Примечание о содержании 0_
a Примечание о содержании Тринадцатый подвиг Геракла
327 Примечание о содержании 0_
a Примечание о содержании Мой дядя самых честных правил
327 Примечание о содержании 0_
a Примечание о содержании Запретный плод
327 Примечание о содержании 0_
a Примечание о содержании Детский сад
327 Примечание о содержании 0_
a Примечание о содержании Дедушка
327 Примечание о содержании 0_
a Примечание о содержании Лошадь дяди Кязыма
327 Примечание о содержании 0_
a Примечание о содержании Время счастливых находок
330 Аннотация __
a Аннотация Рассказы, составляющие том "Путь из варяг в греки", повествуют о разном: некоторые из них могли бы войти в состав эпического "Сандро из Чегема", другие - это воспоминания о "городском" детстве, также бесконечно дорогие автору, или то, что в советское время называлось очерками литературного быта и культурной жизни. Но жанр здесь не важен! Все эти рассказы о том, что делает человека - человеком: о совести и ее воспитании, как в юных героях, так и в ровесниках автора, о вере в человека, о настоящем поступке, незаметном, не парадном, но подчас равном подвигу. Мудрость и любовь к человеку в прозе Искандера воплощаются в образах, которые запоминаешь на всю жизнь.
606 Тематические рубрики __
a Основная рубрика Художественная литература
606 Тематические рубрики __
a Основная рубрика Русская литература XX в. (произведения)
610 Ключевые слова 0_
a Ключевые слова рассказы
a Ключевые слова тема жизни
a Ключевые слова тема людей
a Ключевые слова тема воспоминаний
a Ключевые слова проза
a Ключевые слова тема детства
a Ключевые слова советская литература
a Ключевые слова современная проза
a Ключевые слова тема общества
a Ключевые слова тема советского времени
a Ключевые слова тема советского общества
a Ключевые слова тема советской жизни
686 Индексы других классификаций __
2 Код системы rubbks
a Классификационный индекс 84(2=411.2)6-4; ст84(2Рос=Рус)6-4
700 Автор _1
a Фамилия Искандер
b Имя Ф. А.
f Даты 1929-2016
g Полное личное имя Фазиль Абдулович
4 Код отношения 070
702 Вторичная интеллектуальная ответственность _1
a Фамилия Калныныш
b Имя В.
4 Код отношения Художник
g Полное личное имя Валерий
4 Код отношения 040
801 Источник записи _0
a Страна ru
b Организация Муниципальное бюджетное учреждение культуры "Централизованная библиотечная система" г. Сургут (Центральная городская библиотека им. А. С. Пушкина)
c Дата составления 20181005
g Правила каталогизации rpk
801 Источник записи _1
a Страна ru
b Организация Муниципальное бюджетное учреждение культуры "Централизованная библиотечная система" г. Сургут (Центральная городская библиотека им. А. С. Пушкина)
c Дата составления 20181005
g Правила каталогизации rpk
852 Данные о местонахождении __
j Шифр хранения 84(2=411.2)6-4
i Авторский знак И 86
901 Тип документа __
t Тип документа x
a Ответственный ООФиК/Волкова
903 Характеристики (МАРС) __
a Дата передачи 20181005
990 Данные о заказе (DOS) __
j Количество экземпляров (DOS) 3
t N записи в КСУ для И/У (DOS) 201810